| 000 | 00588nam a22001937a 4500 | ||
|---|---|---|---|
| 003 | DO-CoUTE | ||
| 005 | 20260506144344.0 | ||
| 008 | 260506b dr ||||| |||| 00| 0 spa d | ||
| 040 |
_aDO-CoUTE _bspa _cDO-CoUTE |
||
| 082 | _aRD 3711.2011S939P | ||
| 100 | 1 |
_aSuarez Nuñez, Emilio _eAutor |
|
| 245 | 1 | 0 |
_aPedagogía del líder / _cEmilio Suarez Nuñez |
| 260 |
_aRepublica Dominicana ; _c2009 |
||
| 300 |
_a162 Pagina _c23cm, |
||
| 504 | _aIncluye referencia bibliográfica e índice. | ||
| 650 | 4 | _apedagogia | |
| 700 | 1 |
_aEmilio Suarez Nuñez _eAutor |
|
| 942 |
_2ddc _cBK |
||
| 999 |
_c24172 _d24172 |
||